Mezipodnikové srovnávání efektivnosti ve stavební výrobě

Gespeichert in:
Bibliographische Detailangaben
1. Verfasser: Hejdánek, Václav
Format: Buch
Sprache:Tschechisch
Veröffentlicht: Bratislava Alfa 1986
Ausgabe:1. vyd.
Tags: Tag hinzufügen
Keine Tags, Fügen Sie das erste Tag hinzu!

MARC

LEADER 00000nam a2200000 4500
001 c024942
005 20221220072031.6
041 0 |a cze 
044 |a SK 
245 1 0 |a Mezipodnikové srovnávání efektivnosti ve stavební výrobě  |c Václav Hejdánek 
250 |a 1. vyd. 
264 1 |a Bratislava  |b Alfa  |c 1986 
300 |a 165 s. 
100 1 |a Hejdánek, Václav